Responses for show #7093 - Wednesday, June 17, 2015

Brennan Bushee game 3.

Contestants

[<< previous game]

Tom Landvatter, a professor from Valparaiso, Indiana

Kevin Ruby, a technical writer from San Diego, California

Brennan Bushee, an operations analyst from Malden, Massachusetts (whose 2-day cash winnings total $57,202)

[next game >>]

Jeopardy! Round responses

GRISHAM, CRICHTON OR CLANCY
GOVERNMENT AGENCIES
FOOTBALL HEROES
THE 11th CENTURY
TOO MUCH INFORMATION
"TMI"
    $200 19
(John) Grisham

Kevin
    $200 16
the Department of Homeland Security

Tom
    $200 1
Joe Montana

Brennan
    $200 5
Spain

Tom
    $200 26
the Mona Lisa

Triple Stumper
    $200 10
absentminded

Brennan
    $400 20
Clancy

Kevin
    $400 17
the Peace Corps

Tom
    $400 2
Drew Brees

Brennan
    $400 6
the Crab Nebula

Tom
    $400 27
(Tom: What is lightning?)

electricity

Tom
Triple Stumper
    $400 11
filet mignon

Brennan
    $600 21
Crichton

Kevin
    $600 18
the Federal Trade Commission

Kevin
    $600 3
(Tom: What is Austin?)

Annapolis

BrennanTom
    $600 7
St. Stephen

Tom
    $600 28
(Brennan: What is lavender?)
[The end-of-round signal sounds.]

a violet

Brennan
Triple Stumper
    $600 13
a bat mitzvah

Brennan
    $800 22
Clancy

Kevin
    $800 24
the SEC

Brennan
    $800 4
Andrew Luck

Tom
    $800 8
Leif Erikson

Brennan
    $800 14
postmistress

Brennan
    $1000 23
Crichton

Brennan
    $3,000 25
(Alex: Less than a minute now to deal with this last category.)

explosives

Brennan
    $1000 9
(Alex: Slingin' Sammy Baugh of [*].)

the Washington Redskins

Triple Stumper
    $1000 12
Peter the Hermit

Triple Stumper
    $1000 15
(Kevin: What is catnip?)
(Alex: Cat--say it again.)
(Kevin: Catnip?)

catmint

Kevin
Triple Stumper

Scores at the first commercial break (after clue 15):

Brennan Kevin Tom
$4,000 -$1,000 $1,400

Scores at the end of the Jeopardy! Round:

Brennan Kevin Tom
$8,200 $1,600 $1,600

Double Jeopardy! Round responses

PUZZLERS
POP MUSIC ROYALTY
PULLIN' INTO THE "BURG"
HISTORIANS
PODCASTS
BETTER CALL SAUL
    $400 23
a broken record

Kevin
    $400 4
Queen

Brennan
    $400 9
Brandenburg

Brennan
    $400 2
Churchill

Tom
    $400 21
Mars

Brennan
    $400 1
Israel

Tom
    $800 24
(Kevin: What is a... multiverse?)
[Originally ruled incorrect; reversed before Final Jeopardy!]

parallel universes

BrennanKevin
    $800 5
Prince

Kevin
    $800 10
Salzburg

Brennan
    $800 3
August

Brennan
    $800 22
NPR

Brennan
    $800 14
David

Brennan
    $1200 25
a round number

Brennan
    $1200 6
Imagine

Brennan
    $1200 11
Harrisburg

Tom
    $1200 18
(Kevin: Um, who is Rousseau?)
...
(Alex: Yep, you had two choices, and Kevin didn't pick the right one.)

Voltaire

KevinTom
    $1200 28
Speed

Tom
    $3,000 15
the Philistines

Brennan
    $1600 26
point-blank

Brennan
    $1600 7
the Beastie Boys

Kevin
    $3,600 12
St. Petersburg

Tom
    $1600 19
Doris Kearns Goodwin

Triple Stumper
    $1600 29
Serial

Tom
    $1600 16
the mighty

Brennan
    $2000 27
a half-sister

Brennan
    $2000 8
King Crimson

Kevin
    $2000 13
Hattiesburg

Kevin
    $2000 20
Tacitus

Tom
    $2000 30
Ricky Gervais

Brennan
    $2000 17
Endor

Brennan

Scores at the end of the Double Jeopardy! Round:

Brennan Kevin Tom
$28,000 $8,000 $13,200
(lock game)

[wagering suggestions for these scores]

Final Jeopardy! Round responses

THE OSCARS
(Alex: [To Tom] "Who Zellweger?" I'll tell you who.)
KevinWho is Renee Zellweger?
$7,999
TomWho Zellweger?
$13,000
BrennanWho is Renée Zellweger?
$0
Renée Zellweger

Final scores:

Brennan Kevin Tom
$28,000 $15,999 $26,200
3-day champion: $85,202 3rd place: $1,000 2nd place: $2,000

Game dynamics:

Coryat scores:

Brennan Kevin Tom
$24,200 $8,000 $11,200
27 R
(including 2 DDs),
1 W
11 R,
2 W
14 R
(including 1 DD),
2 W

Combined Coryat: $43,400

The J! Archive is created by fans, for fans. The Jeopardy! game show and all elements thereof, including but not limited to copyright and trademark thereto, are the property of Jeopardy Productions, Inc. and are protected under law. This website is not affiliated with, sponsored by, or operated by Jeopardy Productions, Inc. Join the discussion at JBoard.tv.